Derrida and our animal others (Record no. 28044)
[ view plain ]
| 000 -LEADER | |
|---|---|
| fixed length control field | 01477nam a2200385Ia 4500 |
| 082 04 - DEWEY DECIMAL CLASSIFICATION NUMBER | |
| Classification number | 194 |
| 100 1# - MAIN ENTRY--AUTHOR NAME | |
| Personal name | Krell, David Farrell. |
| 245 10 - TITLE STATEMENT | |
| Title | Derrida and our animal others |
| 260 ## - PUBLICATION, DISTRIBUTION, ETC. (IMPRINT) | |
| Place of publication | Bloomington, Indiana : |
| Name of publisher | Indiana University Press, |
| Year of publication | 2013. |
| 300 ## - PHYSICAL DESCRIPTION | |
| Number of Pages | xviii, 174 p. |
| 490 0# - SERIES STATEMENT | |
| Series statement | Studies in Continental thought |
| 500 ## - GENERAL NOTE | |
| General note | Includes index. |
| 650 #0 - SUBJECT ADDED ENTRY--TOPICAL TERM | |
| Topical Term | Philosophy, French |
| Topical Term | Power (Philosophy) |
| Topical Term | Sovereignty. |
| Topical Term | Responsibility. |
| Topical Term | Animals (Philosophy) |
| 856 40 - ELECTRONIC LOCATION AND ACCESS | |
| Uniform Resource Identifier | http://site.ebrary.com/lib/rucke/Doc?id=10718812 |
No items available.
